Programming Windows® Identity Foundation /

Get hands-on guidance designed to help you put the newest .NET Framework component- Windows Identity Foundation, the identity and access logic for all on-premises and cloud development- to work.

Bibliographic Details
Main Author: Bertocci, Vittorio (Author)
Corporate Author: Safari, an O'Reilly Media Company
Format: eBook
Language:English
Published: Microsoft Press, 2010.
Edition:1st edition.
Subjects:
Online Access:Connect to this electronic resource

MARC

Tag First Indicator Second Indicator Subfields
LEADER 00000uam a2200000 a 4500
001 in00004258713
005 20260123204002.7
006 m o d
007 cr cn
008 100513s2010 xx o eng
020 |z 9780735652040 
020 |z 9780735627185 
020 |z 0735627185 
020 |z 073565204X 
035 |a (CaSebORM)9780735652040 
040 |d UtOrBLW 
041 0 |a eng 
100 1 |a Bertocci, Vittorio,  |e author.  |0 http://id.loc.gov/authorities/names/n2007076429 
245 1 0 |a Programming Windows® Identity Foundation /  |c Bertocci, Vittorio. 
250 |a 1st edition. 
264 1 |b Microsoft Press,  |c 2010. 
300 |a 1 online resource (272 pages) 
336 |a text  |b txt  |2 rdacontent 
337 |a computer  |b c  |2 rdamedia 
338 |a online resource  |b cr  |2 rdacarrier 
347 |a text file 
520 |a Get hands-on guidance designed to help you put the newest .NET Framework component- Windows Identity Foundation, the identity and access logic for all on-premises and cloud development- to work. 
533 |a Electronic reproduction.  |b Boston, MA :  |c Safari,  |n Available via World Wide Web.  |d 2011. 
538 |a Mode of access: World Wide Web. 
542 |f Copyright © 2010  |g 2011 
588 |a Online resource; Title from title page (viewed September 15, 2010) 
500 |a Electronic resource. 
655 7 |a Electronic books.  |2 local 
710 2 |a Safari, an O'Reilly Media Company. 
856 4 0 |u https://proxy.library.tamu.edu/login?url=https://go.oreilly.com/TAMU/library/view/-/9780735652040/?ar  |z Connect to this electronic resource  |t 0 
999 f f |s 51a380e5-97df-371b-9465-906076168eef  |i 4fc32944-7105-34bd-bd65-ffda32676bea  |t 0 
952 f f |a Texas A&M University  |b College Station  |c Electronic Resources  |s www_evans  |d Available Online  |t 0  |h No information provided 
998 f f |t 0  |l Available Online